| 000 | 00000ngm 2200000zi 4500 |
| 001 | 9.953845 |
| 003 | CaOODSP |
| 005 | 20250826100009 |
| 006 | m o c f |
| 007 | cr cna|||a|||| |
| 008 | 250806e20241125onc004 fo vaeng d |
| 040 | |aCaOODSP|beng|erda|cCaOODSP |
| 043 | |an-cn--- |
| 086 | 1 |aCS89-200006/2024-3E-MP4 |
| 245 | 00|aUnlock the power of data linkage. |
| 264 | 1|a[Ottawa] : |b[Statistics Canada = Statistique Canada], |c[November 25, 2024] |
| 300 | |a1 online resource (1 video file (4 min., 9 sec.)) : |bsound, colour |
| 336 | |atwo dimensional moving image|btdi|2rdacontent |
| 337 | |acomputer|bc|2rdamedia |
| 338 | |aonline resource|bcr|2rdacarrier |
| 500 | |aIssued also in French under title: Libérer la puissance du couplage de données. |
| 500 | |aAvailable as streaming video or as downloadable MP4 file. |
| 520 | |a"This video is intended for professionals, policymakers, and researchers who are interested in understanding how data linkage can be used to gain deeper insights into various issues. It demonstrates how combining data from different sources can help address gaps in information, leading to better-informed policies and improved outcomes"--Provided by publisher. |
| 588 | |aDescription based on online resource; title from title screen (Statistics Canada, viewed August 18, 2025). |
| 650 | 0|aQuantitative research. |
| 650 | 0|aData privacy|zCanada. |
| 655 | 7|aInternet videos|2lcgft |
| 655 | 7|aInstructional and educational works|2lcgft |
| 710 | 2 |aStatistics Canada, |eissuing body. |
| 775 | 08|tLibérer la puissance du couplage de données.|w(CaOODSP)9.954170 |
| 856 | 40|qMP4|s53.2 MB|uhttps://publications.gc.ca/collections/collection_2025/statcan/892000062024003-eng.mp4 |
| 856 | 4 |qHTML|sN/A|uhttps://www.statcan.gc.ca/en/wtc/data-literacy/catalogue/892000062024003 |